|
|
|
|
| LEADER |
01613nam a2200277 a 4500 |
| 001 |
703039 |
| 008 |
090715r19501985enk 000 0 eng d |
| 020 |
|
|
|a 0140585087
|
| 082 |
0 |
0 |
|a 821.5
|2 20
|
| 100 |
1 |
|
|a Pope, Alexander,
|d 1688-1744.
|
| 240 |
1 |
0 |
|a Poems of Alexander Pope
|
| 245 |
1 |
0 |
|a Pope :
|b poems /
|c selected by Douglas Grant ; introduction by Angus Ross.
|
| 260 |
|
|
|a London, England ;
|a New York, N.Y., USA :
|b Penguin Books,
|c 1950, [Reprinted 1985]
|
| 300 |
|
|
|a xii, 202 p. ;
|c 20 cm.
|
| 490 |
1 |
|
|a Penguin Poetry Library.
|
| 504 |
|
|
|a Includes indexes.
|
| 541 |
1 |
|
|e 00012064
|
| 600 |
1 |
0 |
|a Pope, Alexander
|d 1688-1744.
|
| 700 |
1 |
|
|a Grant, Douglas
|d 1921-
|
| 852 |
4 |
|
|a Ayesha Abed Library
|j General shelf
|
| 999 |
|
|
|c 2473
|d 2473
|
| 952 |
|
|
|0 0
|1 0
|2 ddc
|4 0
|6 821_500000000000000_POP
|7 0
|9 2289
|a BRACUL
|b BRACUL
|c GEN
|d 2009-07-16
|g 609.00
|l 7
|m 57
|o 821.5 POP
|p 3010012064
|r 2023-05-09
|s 2023-04-05
|t 1
|w 2009-07-16
|y BK
|
| 952 |
|
|
|0 0
|1 0
|2 ddc
|4 0
|6 821_500000000000000_POP
|7 0
|9 12956
|a BRACUL
|b BRACUL
|c GEN
|d 2010-11-01
|g 1005.00
|l 4
|m 26
|o 821.5 POP
|p 3010011969
|r 2020-01-21
|s 2020-01-15
|t 2
|w 2010-11-01
|y BK
|x $11.95
|
| 952 |
|
|
|0 0
|1 0
|2 ddc
|4 0
|6 821_500000000000000_POP
|7 0
|9 12957
|a BRACUL
|b BRACUL
|c GEN
|d 2010-11-01
|g 609.00
|l 2
|o 821.5 POP
|p 3010012065
|r 2022-05-07
|s 2022-04-25
|t 3
|w 2010-11-01
|y BK
|
| 952 |
|
|
|0 0
|1 0
|2 ddc
|4 0
|6 821_500000000000000_POP_1985
|7 0
|9 12958
|a BRACUL
|b BRACUL
|c GEN
|d 2010-11-01
|l 5
|m 56
|o 821.5 POP
|p 3010014255
|r 2023-10-11
|s 2023-10-04
|t 4
|w 2010-11-01
|y BK
|
| 952 |
|
|
|0 0
|1 0
|2 ddc
|4 0
|6 821_500000000000000_POP
|7 0
|9 12959
|a BRACUL
|b BRACUL
|c GEN
|d 2010-11-01
|g 609.00
|l 2
|m 1
|o 821.5 POP
|p 3010012066
|r 2025-11-15
|s 2025-11-02
|t 5
|w 2010-11-01
|y BK
|